000
00249nam a2200109Ia 4500
008
231212s1998 xx 000 0 und d
041
_a
eng
082
_a
625.38154
100
_a
Rajput R.K.
245
_a
Thermal Engg.
260
_a
Pune
_b
Khanna
_c
1998
999
_c
965675
_d
965675